000 00347nam a2200133Ia 4500
008 240624s9999 xx 000 0 und d
041 _aeng
082 _a658.155 FRI
100 _aFRIBERG RICHARD
245 _aMANAGING RISK AND UNCERTAINTY A STRATEGI
260 _c2015
_aLondon
_bThe MIT Press
300 _axvi, 376 p.; 23 cm.
365 _c
_b31
999 _c29711
_d29711